| 000 | 00401nam a2200169Ia 4500 | ||
|---|---|---|---|
| 008 | 230524s9999 xx 000 0 und d | ||
| 020 | _a8185749189 | ||
| 082 | _bKUM | ||
| 100 |
_aDr. D.S.Kumar _942079 |
||
| 245 | 0 | _aFluid Mechanics & Fluid Power Engineering | |
| 250 | _a7 | ||
| 260 |
_bKatson _c2009 |
||
| 300 | _a1182p; | ||
| 500 | _aQuantity Number: 1 | ||
| 650 | _aMechanics | ||
| 942 | _cBK | ||
| 999 |
_c56486 _d56486 |
||